• 首页
  • 本馆介绍
  • 公告通知
  • 最新文献
  • 馆藏检索
  • 电子资源
  • 读者导购
  • 参考咨询
  • 我的图书馆
  • 登录
  • 详细信息显示
  • 放入我的书架
  • 预约/预借图书
  • 作者相关作品
  • 分类相关作品
  • 丛书相关作品
  • 出版社相关作品

书目信息

  • 表格格式
  • 工作单格式
  • 卡片格式
题名:
国际贸易理论与政策
    
 
作者: 赵忠秀 , 吕智 编著
分册:  
出版信息: 北京   北京大学出版社  2009
页数: 265页
开本: 26cm
丛书名:
单 册:
中图分类: F740 , F741
科图分类:
主题词: 国际贸易--经济理论--研究生--教材 , 国际贸易政策--研究生--教材 , 国际贸易 , 经济理论 , 国际贸易政策
电子资源:
ISBN: 978-7-301-14527-2
000 01222nam0 2200325 45
001 1034511421
005 20100319083100.57
010    @a978-7-301-14527-2@dCNY32.00
100    @a20100311d2009 em y0chiy50 ea
101 0  @achi
102    @aCN@b110000
105    @ay z 000yy
106    @ar
200 1  @a国际贸易理论与政策@AGuo Ji Mao Yi Li Lun Yu Zheng Ce@dLnternational trade theory and policy@f赵忠秀,吕智编著@FZhao Zhong Xiu, Lu^ Zhi Bian Zhu@zeng
210    @a北京@c北京大学出版社@d2009
215    @a265页@d26cm
300    @a21世纪经济学研究生规划教材
330    @a本书介绍了国际贸易理论与政的基本分析框架和前沿研究成果,清晰地描绘了国际贸易理论与政策的发展脉络,涵盖了古典和新古典贸易理论、新贸易理论、新经济地理理论、异质性企业髋易理论、贸易政策的政治经济学理论的主流思想和观点。
510 1  @aInternational trade theory and policy@zeng
606 0  @a国际贸易@x经济理论@x研究生@j教材
606 0  @a国际贸易政策@x研究生@j教材
606 0  @a国际贸易
606 0  @a经济理论
606 0  @a国际贸易政策
690    @aF740@v4
690    @aF741@v4
701  0 @a赵忠秀@AZhao Zhong Xiu@4编著
701  0 @a吕智@ALu^ Zhi@4编著
801  0 @aCN@bTANGWEI@c20100319
905    @b0585777-79@dF740@e111@f3
    
    国际贸易理论与政策=Lnternational trade theory and policy/赵忠秀,吕智编著.-北京:北京大学出版社,2009
    265页;26cm
    21世纪经济学研究生规划教材
    
    ISBN 978-7-301-14527-2:CNY32.00
    本书介绍了国际贸易理论与政的基本分析框架和前沿研究成果,清晰地描绘了国际贸易理论与政策的发展脉络,涵盖了古典和新古典贸易理论、新贸易理论、新经济地理理论、异质性企业髋易理论、贸易政策的政治经济学理论的主流思想和观点。
●
相关链接 在E读中查询图书 在五车中查询图书 在当当中查询图书 在豆瓣中查询图书


正题名:国际贸易理论与政策     索取号:F740/111         预约/预借

序号 登录号 条形码 馆藏地/架位号 状态 备注
1 0585777   205857777   第一样本阅览室/ [索取号:F740/111] 在馆    
2 0585778   205857786   密集书库-海洋学院/ [索取号:F740/111] 在馆    
3 0585779   205857795   第一借阅区/ [索取号:F740/111] 在馆    
唐山师范学院图书馆 欢迎您!
大连网信软件有限公司© 版权所有